000 00628nam a2200217 4500
003 OSt
005 20240729075356.0
006 a
008 240729b |||||||| |||| 00| 0 eng d
020 _a9789712355912
040 _aDWCL-Main lib.
_cOC
082 _22010 edition
_aFil. 338.73 D278l 2010
100 _aDe Leon, Hector S.
245 _aThe law on partnership and private corporations /
250 _a2010 edition
260 _aManila :
_bRex Book Store,
_cc2010.
300 _axxvii,
_b607 p. ;
_c23 cm.
650 _a1. Partnerships.
650 _a2. Corporations.
942 _2ddc
_n0
_cBK - FIL
_e2010 edition
_kFil.
999 _c2927
_d2927